|
|
|
|
| LEADER |
00000nta a2200000 i 4500 |
| 001 |
dolg3699 |
| 005 |
20151021085308.0 |
| 008 |
151002suuuu hu o 000 hun d |
| 040 |
|
|
|a BGE Dolgozattár Repozitórium
|b hun
|
| 041 |
|
|
|a hu
|
| 100 |
1 |
|
|a Bábás Csilla
|
| 245 |
1 |
2 |
|a A boldogság tudományos útjain
|c Bábás Csilla
|h [elektronikus dokumentum]
|
| 246 |
1 |
1 |
|a A boldogság tudományos útjain
|
| 246 |
1 |
1 |
|a On the scientific way of happiness
|
| 516 |
|
|
|a Students_Scientific_Association_paper
|
| 695 |
|
|
|a boldogság
|
| 695 |
|
|
|a Tudomány
|
| 700 |
1 |
|
|a Barta Evelyn
|e aut
|
| 856 |
4 |
0 |
|u http://dolgozattar.uni-bge.hu/3699/1/Babas%20Csilla%20Eniko%20Barta%20Evelyn%20dolgozat.pdf
|z Dokumentum-elérés
|